000 00240nam a22001097a 4500
999 _c167088
_d167088
082 _a
_b
100 _aRajesh Sharma
245 _aAahe adure sameeksha/
_cby Rajesh Sharma.
260 _aNew Delhi:
_bAshok,
_c
650 _a
942 _cBK